ბათუმის შოთა რუსთაველის სახელმწიფო უნივერსიტეტის ბიბლიოთეკა

გავიგოთ პოლიტიკა : (ბიბ.ჩანაწერი № 44013)

000 -ლიდერი
ფიქსირებული სიგრძის საკონტროლო ველი 01609nam a2200289Ia 4500
001 - საკონტროლო ნომერი
საკონტროლო ველი 10763
003 - საკონტროლო ნომრის იდენტიფიკატორი
საკონტროლო ველი GE_BSU
005 - ბოლო ოპერაციის თარიღი და დრო
საკონტროლო ველი 20211125120637.0
008 - ფიქსირებული სიგრძის მონაცემთა ელემენტები - ზოგადი ინფორმაცია
ფიქსირებული სიგრძის საკონტროლო ველი 181216s2011||||ge |||||||||||||| ||geo||
020 ## - წიგნის საერთაშორისო სტანდარტული ნომერი
International Standard Book Number 9789941180729
040 ## - კატალოგიზაციის წყარო
Transcribing agency GE_BSU
080 ## - უნივერსალური ათობითი კლასიფიკაციის ინდექსი
Universal Decimal Classification number 32.001 მ-13
100 ## - მთავარი ჩანაწერი - პიროვნების სახელი
Personal name მაგშტადტი, თომას მ.
9 (RLIN) 13033
245 ## - ცნობა სათაურის შესახებ
Title გავიგოთ პოლიტიკა :
Remainder of title იდეები, ინსტიტუტები და პრობლემები /
Statement of responsibility, etc თომას მ. მაგშტადტი ; [მთარგმნ.: არჩილ აბაშიძე, გიორგი გვალია, ელენე ნოდია [და სხვ.]
250 ## - გამოცემის ცნობა
Edition statement მეორე შესწორებული გამოცემა.
264 ## - წარმოების, გამოცემის, დისტრიბუციის და სხვა ცნობები
გამოცემის, წარმოების, დისტრიბუციის... ადგილი თბილისი :
გამოცემის, წარმოების, დისტრიბუციის... სახელწოდება ილიას სახელმწ. უნ-ტის გამ-ბა,
გამოცემის, წარმოების, დისტრიბუციის... თარიღი 2011.
300 ## - ფიზიკური აღწერა
Extent 702 გვ.;
Other physical details 24 სმ.
500 ## - ზოგადი შენიშვნა
General note შენიშვნ.: გვ. 672.
501 ## - შენიშვნა თანმხლებ მასალაზე
With note სიტყვარი: გვ. 673-702.
653 ## - INDEX TERM--UNCONTROLLED
Uncontrolled term პოლიტოლოგია
700 ## - ADDED ENTRY--PERSONAL NAME
Personal name აბაშიძე, არჩილ
Relator term მთარგმნელი
9 (RLIN) 13037
700 ## - ADDED ENTRY--PERSONAL NAME
Personal name გვალია, გიორგი
Relator term მთარგმნელი
9 (RLIN) 3007
700 ## - ADDED ENTRY--PERSONAL NAME
Personal name ნოდია, ელენე და სხვ.
Relator term მთარგმნელი
9 (RLIN) 13038
700 ## - ADDED ENTRY--PERSONAL NAME
Personal name ნოდია, გია
Relator term რედაქტორი
9 (RLIN) 13039
700 ## - ADDED ENTRY--PERSONAL NAME
Personal name აფრასიძე, დავით
Relator term რედაქტორი
9 (RLIN) 13040
942 ## - ADDED ENTRY ELEMENTS (KOHA)
Koha item type წიგნი
Source of classification or shelving scheme
ეგზემპლარები
ჩამოწერის სტატუსი დაკარგული ეგზემპლარის სტატუსი კლასიფიკაციის წყარო ან თაროზე გაწყობის სქემა დაზიანების სტატუსი არ გაიცემა მუდმივი მდებარეობა (დაცვის ადგილი) ამჟამინდელი ადგილსამყოფელი თაროზე განთავსების ადგილი შეძენის თარიღი ღირებულება, შესყიდვის ნორმალური ფასი სრული შენახვის შიფრი შტრიხკოდი ბოლო ოპერაციის თარიღი ეგზემპლარის მიმდევრობითი ნომერი (კეტერი?) ფასის ძალაში შესვლის თარიღი ეგზემპლარის სახეობა საჯარო შენიშვნა
          ბათუმის შოთა რუსთაველის სახელმწიფო უნივერსიტეტის მთავარი ბიბლიოთეკა ბათუმის შოთა რუსთაველის სახელმწიფო უნივერსიტეტის მთავარი ბიბლიოთეკა წიგნსაცავი 2018-12-17 35.00 32.001 მ-13 34984 2018-12-17 34984 2018-12-17 წიგნი 35 ლ.
          ბათუმის შოთა რუსთაველის სახელმწიფო უნივერსიტეტის მთავარი ბიბლიოთეკა ბათუმის შოთა რუსთაველის სახელმწიფო უნივერსიტეტის მთავარი ბიბლიოთეკა წიგნსაცავი 2018-12-17 35.00 32.001 მ-13 34985 2018-12-17 34985 2018-12-17 წიგნი 35 ლ.
          ბათუმის შოთა რუსთაველის სახელმწიფო უნივერსიტეტის მთავარი ბიბლიოთეკა ბათუმის შოთა რუსთაველის სახელმწიფო უნივერსიტეტის მთავარი ბიბლიოთეკა წიგნსაცავი 2018-12-17 35.00 32.001 მ-13 34986 2018-12-17 34986 2018-12-17 წიგნი 35 ლ.
          ბათუმის შოთა რუსთაველის სახელმწიფო უნივერსიტეტის მთავარი ბიბლიოთეკა ბათუმის შოთა რუსთაველის სახელმწიფო უნივერსიტეტის მთავარი ბიბლიოთეკა წიგნსაცავი 2018-12-17 35.00 32.001 მ-13 34987 2018-12-17 34987 2018-12-17 წიგნი 35 ლ.
          ბათუმის შოთა რუსთაველის სახელმწიფო უნივერსიტეტის მთავარი ბიბლიოთეკა ბათუმის შოთა რუსთაველის სახელმწიფო უნივერსიტეტის მთავარი ბიბლიოთეკა წიგნსაცავი 2018-12-17 35.00 32.001 მ-13 34988 2018-12-17 34988 2018-12-17 წიგნი 35 ლ.